000 01699nam a2200181 4500
999 _c56911
_d56911
003 Ge_BSU
005 20190617215012.0
008 190617b1980 ge ||||| |||| 00| 0 geo d
041 _ageo
080 _a626.86 (072) დ-12
245 _aდაბალ და საშუალოდაწნევიან წყალმიმღებ ნაგებობათა სათავე კვანძის ჰიდრავლიკური გაანგარიშება :
_b(მეთოდ. მითითებები საკ. სამუშ. შესასრ. ჰიდროტექ. სპ. სტუდ.) /
_c საქ. პოლიტექ. ინ-ტი, ჰიდრავ. და ჰიდროელექტ. კათედრა ; [შემდგ. : ნ. ქუთათელაძე].
264 _a თბილისი :
_bსპი,
_c1980.
300 _a54 გვ. ;
_c20 სმ.
653 _aწყალმიმღები ნაგებობები
700 _aქუთათელაძე, ნ.
_eშემდგენელი
_91248
710 _a საქ. პოლიტექ. ინ-ტი
_bჰიდრავ. და ჰიდროელექტ. კათედრა
_92533
942 _2udc
_cBK